书目信息 |
| 题名: |
生态保护与发展政策法规导读
|
|
| 作者: | 畅世晔 主编 | |
| 分册: | ||
| 出版信息: | 上海 华东师范大学出版社 2020.10 |
|
| 页数: | 309页 | |
| 开本: | 24cm | |
| 丛书名: | ||
| 单 册: | ||
| 中图分类: | X-01 , D922.680.4 | |
| 科图分类: | ||
| 主题词: | 生态环境保护--环境政策--研究--中国 , 生态环境保护--环境保护法--研究--中国 | |
| 电子资源: | ||
| ISBN: | 978-7-5760-0810-4 | |
| 000 | 01008nam0 2200277 450 | |
| 001 | 010357686 | |
| 005 | 20210325143226.0 | |
| 010 | @a978-7-5760-0810-4@dCNY89.00 | |
| 035 | @a(A100000NLC)011012900 | |
| 049 | @aA100000NLC@bUCS01010357686@c011012900@dNLC01 | |
| 100 | @a20201222d2020 em y0chiy0110 ea | |
| 101 | 0 | @achi |
| 102 | @aCN@b310000 | |
| 105 | @ay z 000yy | |
| 106 | @ar | |
| 200 | 1 | @a生态保护与发展政策法规导读@9sheng tai bao hu yu fa zhan zheng ce fa gui dao du@b专著@f畅世晔主编 |
| 210 | @a上海@c华东师范大学出版社@d2020.10 | |
| 215 | @a309页@d24cm | |
| 330 | @a本书分为六篇,内容包括:导读篇、国家领导人生态环保重要论述篇、生态环保法律法规解读篇、环保知识篇、我国清洁新能源开发利用现状篇、生态环保学术论文篇。 | |
| 606 | 0 | @a生态环境保护@x环境政策@x研究@y中国 |
| 606 | 0 | @a生态环境保护@x环境保护法@x研究@y中国 |
| 690 | @aX-01@v5 | |
| 690 | @aD922.680.4@v5 | |
| 701 | 0 | @a畅世晔@9chang shi ye@f(1971-)@4主编 |
| 801 | 2 | @aCN@b人天书店@c20210326 |
| 905 | @aTSG@dX-01@eC308@f1 | |
| 生态保护与发展政策法规导读/畅世晔主编.-上海:华东师范大学出版社,2020.10 |
| 309页;24cm |
| ISBN 978-7-5760-0810-4:CNY89.00 |
| 本书分为六篇,内容包括:导读篇、国家领导人生态环保重要论述篇、生态环保法律法规解读篇、环保知识篇、我国清洁新能源开发利用现状篇、生态环保学术论文篇。 |
| ● |
| 相关链接 |
|
|
|
正题名:生态保护与发展政策法规导读
索取号:X-01/C308
 
预约/预借
| 序号 | 登录号 | 条形码 | 馆藏地/架位号 | 状态 | 备注 |
| 1 | 1534860 | 215348602 | 自科库501/501自科库 60排2列4层/ [索取号:X-01/C308] | 在馆 |